000 00628nam a22002177a 4500
003 OSt
005 20260703094305.0
008 260703b ar ||||| |||| 00| | spa d
040 _aHCSPBA
041 _aspa
100 _aDuran, Agustín
245 _aRomancero general.
_nTomo 2.
246 _aColección de romances castellanos anteriores al siglo XVIII
260 _aMadrid.
_bM. Rivadeneyra.
_c1861.
300 _a2 v.
490 _aBiblioteca de autores españoles, desde la formación del lenguaje hasta nuestros días
_v 16
650 _aLITERATURA
650 _aHISTORIA
651 _aESPAÑA
942 _cLIB
999 _c65179
_d134648